000 00741nam a2200217Ia 4500
001 21488
003 GE_BSU
008 181216s||||||||xx |||||||||||||| ||und||
040 _cGE_BSU
080 _aპერიოდიკა
245 _aНефтегазовые технологии и аналитика. № 9 Сентябрь 2016
245 _bНаучно-технический журнал.
245 _cГл. ред. Кутасова Н.В.
260 _aМосква
260 _c2016
300 _a87 стр. 29см.
653 _aНефтегазовые технологии и аналитика. № 9 Сентябрь 2016
653 _aПериодика
653 _aპერიოდიკა
942 _cCR
999 _c54432
_d54432